[Event "NED-ch 2018"]
[Site "Amsterdam"]
[Date "2018.07.06"]
[Round "3"]
[White "Van Wely, Loek"]
[Black "L' Ami, Erwin"]
[Result "1/2-1/2"]
[WhiteElo "2674"]
[BlackElo "2636"]
[Annotator "TA"]
[PlyCount "137"]
[EventDate "2018.07.02"]
[EventType "tourn"]
[EventCountry "NED"]
[SourceTitle "playchess.com"]
[Source "ChessBase"]
[SourceQuality "1"]

{[%evp 29,137,35,38,34,41,38,60,47,57,43,49,42,55,49,60,51,56,54,53,18,115,113,154,161,200,208,210,198,233,227,267,267,260,262,277,315,239,197,237,80,289,289,289,289,291,292,311,311,477,477,477,0,397,0,477,477,479,482,1264,1339,1312,1323,1284,1277,5081,5077,5069,5073,3726,0,0,0,0,0,0,0,0,0,0,0,0,0,0,0,0,0,0,0,0,0,0,0,0,0,0,0,0,0,0,0,0,0,0,0,0,0,0,0,0,0]} 1. Nf3 d5 2. c4 e6 3. g3 Nf6 4. Bg2 Be7 5. O-O O-O 6. d4 dxc4 7. Qc2 a6 8. a4 Bd7 9. Rd1 Bc6 10. Nc3 Bb4 11. Bg5 {E05: Open Catalan: 5 Nf3 Be7} Bxc3 12. Qxc3 Ne4 13. Bxd8 Nxc3 14. bxc3 Rxd8 15. Ne5 Bxg2 {LiveBook: 4 Games} 16. Kxg2 Nc6 17. Nxc4 b5 {[#]} 18. Nd2 $146 ({Predecessor:} 18. Ne3 Ne7 {½-½ (50) Bluebaum,M (2643)-Mons,L (2500) Germany 2018}) 18... b4 19. Nb3 bxc3 20. Rac1 e5 {[%cal Re5d4]} 21. Rxc3 Nxd4 22. Nxd4 Rd7 23. e3 g6 24. Rc5 Re8 (24... exd4 $11 25. Rxd4 Rxd4 26. exd4 Rd8) 25. Kf3 $16 f5 {[#]} 26. a5 $1 exd4 27. Rxd4 Rxd4 28. exd4 $18 {[%mdl 4096] Endgame KR-KR} Re7 29. Rc6 Re4 30. Rxc7 ({Much less strong is} 30. Rxa6 $6 Rxd4 31. Rc6 Ra4 $16) 30... Rxd4 31. Rc6 Ra4 32. Rxa6 Kg7 33. h4 Ra2 34. Ke3 $2 (34. Ra7+ $18 Kf6 35. a6 (35. Rxh7 Rxa5 36. Rb7 Ra6 $16)) 34... Kf7 $2 (34... Kh6 $16) 35. Ra8 Kf6 36. a6 Kg7 37. Ra7+ Kf6 38. Kd4 (38. Rxh7 Ra3+ 39. Kf4 Rxa6 $16) 38... h6 (38... f4 $142 39. gxf4 Ke6) 39. Ra8 Kg7 40. Ra7+ Kf6 41. Ra8 Kg7 $1 42. f4 Ra3 43. Kc5 Rxg3 (43... g5 $142 44. Kb4 Ra2 45. hxg5 hxg5 46. fxg5 Ra1) 44. Rd8 Ra3 45. Rd7+ Kf6 46. Rd6+ Kg7 47. Kb6 g5 48. a7 gxh4 49. Kb7 $2 ({Only move:} 49. Rd5 $18 Rxa7 50. Kxa7) 49... h3 $11 {The position is equal.} 50. a8=Q Rxa8 51. Kxa8 {[#] White threatens Rd3 and mate. KR-K3P} h2 52. Rd1 {Intending Rh1 and mate.} Kg6 53. Rh1 (53. Kb7 {seems wilder.} Kh5 54. Rf1 Kg4 55. Kc6 Kg3 56. Kd5) 53... Kh5 54. Rxh2+ {KR-KPP} Kg4 55. Rf2 Kg3 56. Rf1 Kg2 57. Ra1 (57. Rc1 {feels hotter.} Kf3 58. Ka7 h5 59. Rf1+ Kg2 60. Rc1) 57... Kg3 58. Kb7 Kxf4 59. Kc6 {Threatens to win with Kd5.} h5 60. Kd5 h4 61. Kd4 h3 62. Ra8 h2 63. Rh8 Kg3 $1 64. Ke3 {White wants to mate with Rg8+.} Kg2 65. Rg8+ Kf1 $1 66. Rh8 Kg2 67. Kf4 h1=Q 68. Rxh1 Kxh1 69. Kxf5 {Precision: White = 64%, Black = 51%.} 1/2-1/2

[Event "NED-ch 2018"]
[Site "Amsterdam"]
[Date "2018.07.06"]
[Round "3"]
[White "Van den Doel, Erik"]
[Black "Leenhouts, Koen"]
[Result "1-0"]
[WhiteElo "2593"]
[BlackElo "2483"]
[Annotator "TA"]
[PlyCount "73"]
[EventDate "2018.07.02"]
[EventType "tourn"]
[EventCountry "NED"]
[SourceTitle "playchess.com"]
[Source "ChessBase"]
[SourceQuality "1"]

{[%evp 18,73,27,13,58,54,82,62,84,85,70,71,66,69,67,65,64,56,62,52,134,131,242,235,240,227,323,347,408,400,375,375,720,712,954,433,524,512,572,568,569,569,554,556,552,390,391,389,441,441,425,422,554,537,626,610,589,566]} 1. d4 d5 {[%cal Bd7d5,Bd5c4][%mdl 32]} 2. c4 e6 3. Nf3 Nf6 4. g3 dxc4 5. Bg2 a6 6. O-O Nc6 7. e3 {[%cal Be2e3,Be3e4][%mdl 32]} Bd7 8. Qe2 {E04: Open Catalan: 5 Nf3} Bd6 9. Qxc4 O-O 10. Nc3 {LiveBook: 13 Games. White has an edge.} (10. Rd1 Qe7 11. Nc3 b5 12. Qd3 e5 13. dxe5 Bxe5 14. e4 Bg4 15. Bg5 Qe6 {½-½ (33) Gelfand,B (2725)-Oparin,G (2616) Moscow 2016}) 10... Qe7 11. e4 {Black must now prevent e5.} b5 $146 ({Predecessor:} 11... e5 12. Bg5 Qe8 13. Bxf6 gxf6 14. Nd5 Kg7 15. Rfd1 Bg4 16. dxe5 Nxe5 {½-½ (35) Kochemasov,A (2472)-Stanojevic,S (2280) ICCF email 2010}) 12. Qd3 {e5 is the strong threat.} b4 $1 {[%cal Rb4c3] [#]} 13. e5 $1 {[%cal Re5f6]} bxc3 14. bxc3 h6 15. exd6 cxd6 16. Ba3 Rfc8 17. Nd2 $36 {[%cal Bf3d2,Bd2c4,Bc4b6][%mdl 2080] [#] aiming for Nc4. Black is under pressure.} Ne8 18. Rab1 Ra7 (18... Rab8 $14) 19. Nc4 $16 Nd8 (19... Rb8 $16 {was called for.} 20. d5 exd5 21. Nxd6 (21. Qxd5 Rb5 $16) (21. Bxd5 Rxb1 22. Rxb1 Ne5 $16) 21... Rxb1 22. Rxb1 Nxd6) 20. Nb6 $18 Rcc7 21. Rfe1 {And now Nd5! would win.} Qf6 (21... Qf8 {is a better defense.} 22. Nxd7 Rxd7) 22. c4 a5 23. c5 dxc5 24. Bxc5 Bc6 $2 (24... Rab7 25. Bxb7 Nxb7) 25. d5 Bb7 26. Bd4 (26. Qb5 $142 Nc6 27. dxc6) 26... Qe7 27. Be5 Ba6 28. d6 Bxd3 29. dxe7 Nc6 30. Bxc7 Rxc7 31. Bxc6 Rxc6 32. Rec1 Rxc1+ 33. Rxc1 {White is clearly winning.} f6 34. Rc5 Kf7 35. Rxa5 Kxe7 36. Ra7+ Kf8 37. a4 {Precision: White = 86%, Black = 31%.} 1-0

[Event "NED-ch 2018"]
[Site "Amsterdam"]
[Date "2018.07.06"]
[Round "3"]
[White "Tiviakov, Sergei"]
[Black "Sokolov, Ivan"]
[Result "1-0"]
[WhiteElo "2580"]
[BlackElo "2565"]
[Annotator "TA"]
[PlyCount "49"]
[EventDate "2018.07.02"]
[EventType "tourn"]
[EventCountry "NED"]
[SourceTitle "playchess.com"]
[Source "ChessBase"]
[SourceQuality "1"]

{[%evp 11,49,29,35,47,26,6,27,0,0,0,42,30,74,51,45,51,61,31,36,7,4,6,14,10,50,39,118,142,127,147,129,64,59,44,205,197,622,620,613,605]} 1. e4 e5 2. Nf3 Nc6 3. Bb5 {[%cal Bf1b5,Bb5a4,Ba4b3][%mdl 32]} a6 4. Ba4 b5 5. Bb3 g6 6. a4 {C70: Ruy Lopez: 3...a6 4 Ba4, Norwegian and Delayed Schliemann} (6. d4 exd4 7. Nxd4 Na5 8. O-O Bg7 9. Re1 Ne7 10. e5 O-O 11. Bg5 c5 12. Bd5 Rb8 13. Nb3 Nxb3 14. axb3 {0-1 (31) Kramnik,V (2792)-Mamedyarov,S (2808) Paris 2018}) 6... b4 {LiveBook: 3 Games} 7. d4 exd4 $1 8. Bg5 $146 {White has an edge.} ({Predecessor:} 8. Nxd4 Na5 9. Bd5 c6 10. Ba2 Bg7 11. O-O Ne7 12. c3 Rb8 13. Bf4 {0-1 (48) Inarkiev,E (2693)-Van Foreest,J (2609) Germany 2018}) 8... Be7 $1 {[%cal Re7g5]} 9. Bf4 Bb7 10. O-O d6 11. Nxd4 Na5 12. Bd5 c6 $1 {[%cal Rc6d5]} 13. Ba2 $36 {[%mdl 2048] White has good play.} Nf6 14. Nd2 (14. c3 {is interesting.} c5 15. cxb4 cxb4 16. Bh6 Bf8 17. Bd2) 14... O-O 15. N4b3 Nxb3 16. Bxb3 Re8 17. Re1 Bf8 18. Qf3 d5 (18... c5 $14) 19. Bg5 $16 Be7 20. exd5 Nxd5 {[#]} 21. Rxe7 (21. h4 $1 $16) 21... Rxe7 $14 22. Ne4 {Strongly threatening Bxd5.} f5 $2 ({Black should try} 22... Qc7 $14) 23. Nf6+ $18 Kh8 $2 (23... Kf7 24. Nxd5 (24. Nxh7 Qe8 $16) 24... cxd5 25. Bxe7 Kxe7) 24. Nxd5 cxd5 25. Bf6+ {Precision: White = 38%, Black = 37%.} 1-0

[Event "NED-ch 2018"]
[Site "Amsterdam"]
[Date "2018.07.06"]
[Round "3"]
[White "Ernst, Sipke"]
[Black "Van Foreest, Jorden"]
[Result "1/2-1/2"]
[WhiteElo "2555"]
[BlackElo "2641"]
[Annotator "TA"]
[PlyCount "52"]
[EventDate "2018.07.02"]
[EventType "tourn"]
[EventCountry "NED"]
[SourceTitle "playchess.com"]
[Source "ChessBase"]
[SourceQuality "1"]

{[%evp 13,52,-8,-1,-36,14,17,17,11,11,11,12,7,0,0,19,10,27,14,35,37,37,37,37,18,22,31,28,16,29,4,14,0,0,0,4,0,0,0,0,0,0]} 1. Nf3 d5 2. c4 d4 3. b4 c5 4. g3 cxb4 5. a3 e6 (5... b3 6. d3 Nc6 7. Nbd2 e5 8. Bg2 Nf6 9. Nxb3 Be7 10. O-O O-O 11. Bg5 Rb8 12. Ne1 Bd7 13. Nc2 {½-½ (38) Adhiban,B (2655)-Anand,V (2767) Wijk aan Zee 2018}) 6. Bg2 {A09: Réti Opening: 1 Nf3 d5 2 c4} Nc6 {[%cal Bb8c6,Bc6d4,Bd4e2][%mdl 32]} 7. O-O Nf6 {LiveBook: 42 Games} 8. Qa4 Nd7 (8... Bd7 {feels hotter.} 9. axb4 Nxb4 10. Qb3 Bc6 11. d3 Bc5) 9. axb4 Bxb4 {[#]} 10. Nxd4 $1 {[%mdl 512]} Nxd4 11. Qxb4 Nxe2+ 12. Kh1 {Threatens to win with Bb2.} Nxc1 13. Rxc1 Qe7 14. Qa3 $146 ({Predecessor:} 14. Qxe7+ Kxe7 {0-1 (39) Niemann,H (2302)-Balakrishnan,P (2405) Philadelphia 2018}) 14... a6 15. d4 {[%cal Bd2d4,Bd4e5][%mdl 32]} e5 (15... Qxa3 {seems wilder.} 16. Nxa3 e5 17. c5 exd4 18. Nb5 O-O) 16. dxe5 Qxa3 $1 17. Rxa3 O-O 18. f4 Nc5 19. Nc3 Rd8 20. Nd5 Kf8 21. Kg1 Bf5 {The position is equal.} 22. Nb6 Rab8 23. Bd5 Nd7 24. Rb3 Nc5 25. Re3 Nd7 26. Rb3 Nc5 {Precision: White = 56%, Black = 53%.} 1/2-1/2

[Event "NED-ch 2018"]
[Site "Amsterdam"]
[Date "2018.07.07"]
[Round "4"]
[White "Van Foreest, Jorden"]
[Black "Van den Doel, Erik"]
[Result "0-1"]
[WhiteElo "2641"]
[BlackElo "2593"]
[Annotator "TA"]
[PlyCount "126"]
[EventDate "2018.07.02"]
[EventType "tourn"]
[EventCountry "NED"]
[SourceTitle "playchess.com"]
[Source "ChessBase"]
[SourceQuality "1"]

{[%evp 25,126,11,27,15,11,2,8,14,10,12,108,0,0,0,0,0,0,0,0,-125,-124,-136,-114,-113,-79,-162,-154,-190,-178,-297,-304,-539,-345,-365,-231,-242,-229,-245,-187,-158,-149,-373,-376,-370,-353,-371,0,-60,0,-342,-344,-335,-327,-787,-175,-169,-160,-161,-164,-143,-137,-130,-113,-85,-58,-368,-353,-559,-328,-571,-571,-553,-520,-549,-552,-543,-539,-531,-531,-507,-516,-475,-479,-554,-598,-558,-537,-856,-810,-1201,-1218,-1034,-968,-2937,-4149,-12836,-11848,-12839,-12836,-11582,-9235,-12835,-12836]} 1. e4 e5 2. Nf3 Nc6 3. Bb5 a6 4. Ba4 Nf6 5. O-O Be7 6. Re1 b5 7. Bb3 d6 8. c3 O-O 9. d4 Bg4 10. Be3 Bh5 11. Nbd2 Na5 {C91: Closed Ruy Lopez: 7...d6 8 c3 0-0 9 d4} (11... exd4 12. cxd4 Nb4 13. d5 Nd3 14. Rf1 Ng4 15. Bd4 Nge5 16. Bc2 Bf6 17. Kh1 Nf4 18. Bxe5 Bxe5 19. g3 {0-1 (58) Ivanchuk,V (2713)-Alekseenko,K (2609) Batumi 2018}) 12. dxe5 dxe5 13. h3 Nxb3 {LiveBook: 6 Games. The position is equal.} 14. axb3 Qc8 $146 ({Predecessor:} 14... Nd7 15. b4 Bd6 16. Nf1 Bg6 17. Ng3 Re8 18. Qd5 Nf6 19. Qc6 {½-½ (35) Kalod,R (2440)-Kovalev,A (2400) Olomouc 1999}) 15. g4 Nxg4 $1 16. hxg4 Qxg4+ 17. Kh2 $1 Rfd8 {[#]} (17... Rad8 $1 $11) 18. Rg1 (18. Rh1 $1 $16) 18... Rxd2 $1 $11 19. Qxd2 Qxf3 20. Qd7 Bf8 21. Qd5 Qf6 22. Bg5 (22. Qxa8 $11 Qh4+ 23. Kg2 Qg4+ 24. Kh2 Qh4+ 25. Kg2 Qg4+ 26. Kh2 Qh4+) 22... Qxf2+ $17 23. Rg2 Qa7 24. Rf1 Bg6 25. b4 (25. Bh4 $17 Kh8 26. b4) 25... Qb8 26. Qc6 Qe8 27. Qxc7 (27. Qxe8 $142 Rxe8 28. Re2) 27... Bxe4 $19 28. Rg3 $2 (28. Re2 f5 29. Rxe4 fxe4 30. Bh4) 28... Qe6 29. Bf6 Bg6 30. Bxe5 Re8 31. Bf4 Qe2+ 32. Kg1 Bd3 33. Rgf3 $2 (33. Ra1 $17 {was worth a try.}) 33... Be4 34. R1f2 {[#]} Qd1+ $1 (34... Bxf3 35. Rxe2 Bxe2 36. Bd6 $11) 35. Rf1 Qe2 $2 (35... Bxf3 36. Rxd1 Bxd1 37. Bd6 $11) ({Better is} 35... Qd5 $19 36. Re3 Re6) 36. R1f2 $15 Qd1+ $2 {[%mdl 8192]} (36... Qc4 $15 37. Qxc4 bxc4) 37. Rf1 $19 Qd5 ({Weaker is} 37... Bxf3 38. Rxd1 Bxd1 39. Bd6 $11) 38. Rg3 Qh5 39. Be3 $2 (39. Re3) 39... Ba8 $2 (39... Bd5 40. Qf4 Qh1+ 41. Kf2 Qh2+ 42. Ke1 Qxb2) 40. Qf4 Qd5 {Strongly threatening ...Bd6.} 41. Rg5 Qb7 {Threatens to win with ...g6.} ({Don't take} 41... Qh1+ 42. Kf2 $15) 42. Kf2 Re4 43. Qg3 Re6 44. Bc5 h6 $36 {[%mdl 2048] Black is pushing.} ({Don't play} 44... Rf6+ $6 45. Ke1 $11) 45. Rg4 $2 {[%mdl 8192]} (45. Re5 $1 $15) 45... h5 46. Rf4 (46. Rd4 $142 Rf6+ 47. Rf4 Bxc5+ 48. bxc5) 46... Qd5 47. Rd4 $2 (47. Bd4) 47... Bxc5 {Black is clearly winning.} 48. bxc5 Rf6+ 49. Ke2 Qe6+ 50. Qe3 Qxe3+ 51. Kxe3 Rxf1 {[%mdl 4096] Endgame KRB-KR} 52. Rd8+ Kh7 53. Rxa8 {White wants to play c6. KR-KR} Rf6 54. Rb8 {intending Rb6.} h4 {[%cal Bh5h4,Bh4h3][%mdl 32]} 55. Rb6 {Rxf6 is the strong threat.} Rf5 56. b4 h3 {( -> ...h2)} 57. Rxa6 g5 {[%cal Bg7g5,Bg5g4][%mdl 32]} 58. Ra1 g4 59. c6 Rf6 60. c7 Rc6 $1 {[%csl LRc3,LRc7]} 61. Kf4 Rc4+ 62. Kg3 f5 63. Kh4 Rxc7 {Precision: White = 36%, Black = 68%.} 0-1

[Event "NED-ch 2018"]
[Site "Amsterdam"]
[Date "2018.07.07"]
[Round "4"]
[White "Tiviakov, Sergei"]
[Black "Ernst, Sipke"]
[Result "1-0"]
[WhiteElo "2580"]
[BlackElo "2555"]
[Annotator "TA"]
[PlyCount "126"]
[EventDate "2018.07.02"]
[EventType "tourn"]
[EventCountry "NED"]
[SourceTitle "playchess.com"]
[Source "ChessBase"]
[SourceQuality "1"]

{[%evp 14,126,0,0,0,-2,8,2,20,13,14,20,21,21,29,30,32,22,56,47,49,9,21,16,14,12,14,14,20,0,36,24,118,120,113,110,133,135,150,122,147,136,150,142,160,153,181,172,165,94,105,91,97,70,106,112,114,114,100,122,179,196,174,183,306,297,295,259,365,365,364,365,365,365,364,357,316,253,518,500,539,477,503,564,5886,8274,5397,5369,29961,29966,29965,29966,29966,29967,29966,29964,29968,29970,29970,29971,29971,29970,29970,29971,29971,29972,29970,29973,29975,29975,29974,29974,29970,29968,29989]} 1. e4 e5 2. Nf3 Nc6 3. Bb5 a6 4. Ba4 Nf6 5. d3 d6 6. c4 g6 7. Nc3 Bg7 8. Nd5 {LiveBook: 19 Games. C77: Ruy Lopez: 3...a6 4 Ba4 Nf6, unusual lines} O-O (8... Nd7 9. Bg5 f6 10. Be3 O-O 11. O-O Kh8 12. Re1 Rf7 13. h3 Nc5 14. Bxc5 dxc5 15. Bxc6 bxc6 {1-0 (74) Filippov,A (2582)-Buhmann,R (2640) Baku 2016}) (8... Nd7 9. Bg5 f6 10. Be3 Nc5 11. Bxc5 dxc5 12. Bxc6+ bxc6 13. Nc3 Qd6 14. h3 h5 15. Qa4 Bh6 {1-0 (53) Tiviakov,S (2583)-Ernst,S (2532) Groningen 2017}) 9. Bg5 Nb8 10. d4 $146 {The position is equal.} ({Predecessor:} 10. O-O c6 11. Nc3 b5 12. Bc2 Qc7 13. h3 Be6 14. Qd2 Nbd7 15. Rac1 Rfe8 {½-½ (44) Rudenko,A (2295)-Baum,H (2356) ICCF email 2014}) 10... c6 11. dxe5 dxe5 12. Nxf6+ Bxf6 13. Qxd8 Bxd8 14. Bxd8 Rxd8 15. Nxe5 Re8 16. O-O-O $1 Kg7 17. Nd3 (17. f4 {with more complications.} f6 18. Nd3 Rxe4 19. Bb3 Nd7 20. Rhe1) 17... Rxe4 18. Bb3 Nd7 19. Rhe1 Rxe1 20. Rxe1 Kf8 21. c5 Nf6 22. Ne5 $36 {[%mdl 2048] White has the initiative.} Bf5 (22... a5 $11 {keeps the balance.}) 23. Bxf7 $16 Rd8 24. Bc4 Re8 25. f3 g5 26. Kd2 Rd8+ 27. Kc3 h5 28. b4 Nd5+ 29. Kb3 Kg7 30. g4 hxg4 31. fxg4 (31. Nxg4 $18 Kg6 32. Re2) 31... Bc8 32. Rf1 {[#] And now Rf7+ would win.} Be6 33. Rf3 Rb8 34. Ka3 Ra8 35. Bxd5 Bxd5 {[%mdl 4096] Endgame KRB-KRN} 36. Rf5 a5 (36... Be6 $16 37. Rxg5+ Kf6) 37. Rxg5+ $18 Kf6 38. Rf5+ Ke6 (38... Kg7 {might work better.} 39. h4 axb4+ 40. Kxb4 Rxa2) 39. Nd3 axb4+ 40. Kxb4 Rxa2 (40... Kd7 $142 41. Nf4 Be6) 41. Nf4+ Ke7 42. h4 ({Not} 42. Nxd5+ cxd5 43. h4 (43. Rxd5 Rxh2 44. g5 Rb2+ 45. Kc4 Rg2 $16) 43... Rg2 $16) 42... Rb2+ 43. Kc3 Rb3+ 44. Kd2 Rb2+ 45. Kc1 Rb4 $2 (45... Rb5 46. Nxd5+ cxd5 47. Rxd5 b6 48. Re5+ Kf7 49. Rf5+ Ke6) 46. h5 Be4 47. Ng6+ Ke6 {[#]} 48. h6 $1 {aiming for Re5+.} Bxf5 49. gxf5+ Kxf5 50. h7 Kxg6 51. h8=Q {KQ-KR. White mates.} Kf5 52. Qe8 Re4 53. Qd7+ Kf6 54. Kc2 Rb4 55. Kc3 Rb5 56. Kc4 Ke5 57. Qe7+ Kf5 58. Qd6 Ke4 59. Qe6+ Kf4 60. Kd3 Kf3 61. Qf6+ Kg4 62. Kd4 Kg3 63. Qf1 b6 {Precision: White = 88%, Black = 37%.} 1-0

[Event "NED-ch 2018"]
[Site "Amsterdam"]
[Date "2018.07.07"]
[Round "4"]
[White "Sokolov, Ivan"]
[Black "L' Ami, Erwin"]
[Result "1/2-1/2"]
[WhiteElo "2565"]
[BlackElo "2636"]
[Annotator "TA"]
[PlyCount "53"]
[EventDate "2018.07.02"]
[EventType "tourn"]
[EventCountry "NED"]
[SourceTitle "playchess.com"]
[Source "ChessBase"]
[SourceQuality "1"]

{[%evp 28,53,34,5,82,54,61,77,57,74,73,46,46,46,46,47,45,18,29,13,21,6,6,6,6,6,6,0]} 1. d4 Nf6 2. c4 e6 3. Nf3 d5 4. Nc3 Bb4 5. Bg5 dxc4 6. e4 c5 7. Bxc4 cxd4 8. Nxd4 Bxc3+ 9. bxc3 Qa5 10. Bxf6 Qxc3+ 11. Kf1 gxf6 12. Rc1 Qa5 13. h4 Nc6 {D39: Queen's Gambit Declined: Ragozin Defence with 5 Bg5 dxc4} (13... Ke7 14. Rh3 Nc6 15. Nxc6+ bxc6 16. Rhc3 Rd8 17. Qf3 Ba6 18. Bxa6 Qxa6+ 19. Kg1 Rd6 20. Qe3 Qb6 21. e5 fxe5 {½-½ (60) Salem,A (2617)-Amin,B (2654) Abu Dhabi 2016}) 14. Nxc6 bxc6 15. Rh3 {LiveBook: 4 Games} (15. Qd6 $5 {[%cal Rd6c6]} Bb7 16. Rh3 $14) 15... Ba6 (15... Ke7 $1 $11) 16. Qd6 Bxc4+ $1 17. Rxc4 Rc8 18. Ra3 {[#]} Qb6 $146 ({Predecessor:} 18... Qc7 19. Qc5 Qb6 20. Rxa7 Qxc5 21. Rxc5 {½-½ (32) Dokhoian,Y (2515)-Gelfand,B (2505) Vilnius 1988}) 19. Rb3 (19. Rb4 {keeps more tension.} Qd8 20. Qxd8+ Rxd8 21. Rxa7 O-O 22. Ke2) 19... Qd8 $1 {[%cal Rd8d6]} 20. Qxd8+ Rxd8 21. Rxc6 $14 {[%mdl 4096] Endgame KRR-KRR} O-O $1 22. Rc7 Rd4 23. Rg3+ Kh8 {The position is equal.} 24. Re3 Ra4 25. a3 Kg7 26. f3 Kg6 27. Rb3 {Precision: White = 39%, Black = 77%.} 1/2-1/2

[Event "NED-ch 2018"]
[Site "Amsterdam"]
[Date "2018.07.07"]
[Round "4"]
[White "Leenhouts, Koen"]
[Black "Van Wely, Loek"]
[Result "1-0"]
[WhiteElo "2483"]
[BlackElo "2674"]
[Annotator "TA"]
[PlyCount "57"]
[EventDate "2018.07.02"]
[EventType "tourn"]
[EventCountry "NED"]
[SourceTitle "playchess.com"]
[Source "ChessBase"]
[SourceQuality "1"]

{[%evp 13,57,33,29,29,41,0,4,0,14,-56,-30,-38,-30,-72,-43,-52,10,36,42,25,59,17,209,200,241,183,302,93,29991,221,542,8,8,0,338,302,773,771,1253,1223,2066,1983,29994,29995,29995,2157]} 1. d4 e6 2. c4 b6 3. e4 Bb7 4. Bd3 Nc6 5. Nf3 Nb4 6. O-O {A40: Unusual replies to 1 d4} Nxd3 (6... g6 7. Nc3 Nxd3 8. Qxd3 Bg7 9. d5 Nf6 10. Bg5 h6 11. Bh4 g5 12. Bg3 Nh5 13. Rad1 Nxg3 14. fxg3 {1-0 (37) Caruana,F (2787)-Nakamura,H (2793) Saint Louis 2015}) 7. Qxd3 Ne7 {[%cal Bg8e7,Be7g6,Bg6h4][%mdl 32] LiveBook: 7 Games} 8. h4 $146 {[%cal Bh2h4,Bh4h5][%mdl 32] White has an edge.} ({Predecessor:} 8. Nc3 Ng6 9. Be3 Be7 10. d5 O-O 11. Rad1 Re8 12. a3 c5 13. Rfe1 Bf6 {½-½ (42) Cheparinov,I (2688)-Kuzubov,Y (2635) Izmir 2016}) 8... Ng6 9. h5 Nh4 10. Nh2 f5 11. f3 (11. Nc3 $11) 11... g6 {[%cal Bg7g6,Bg6g5][%mdl 32]} (11... c5 $5 {[%cal Rc5d4]} 12. Kh1 Be7 $15) 12. h6 $1 g5 $1 13. Nc3 Qf6 $1 14. Nb5 O-O-O (14... Kd8 $1 $15) 15. Nxa7+ $11 Kb8 16. Nb5 Rg8 17. a4 Qg6 $2 (17... c6 $11) 18. a5 $18 fxe4 {[#]} 19. Qb3 $1 {Threatens to win with a6.} exf3 (19... bxa5 {was called for.} 20. Rxa5 Nxg2) 20. axb6 $2 (20. Nxf3 bxa5 21. Bd2 Nxf3+ 22. Rxf3 g4 $11) (20. a6 $18 {and the rest is easy.} Ba8 21. a7+ (21. Nxf3 Qe4 $16) (21. gxf3 Qf5 $17) 21... Kc8 22. Nxf3) 20... cxb6 $2 {[%mdl 8192] [#]} (20... c5 $16) 21. Ra7 $2 (21. Ra8+ $3 {[%mdl 512] mates} Bxa8 22. Qa4 Bb7 23. Qa7+ Kc8 24. Qxb6 f2+ 25. Rxf2 Nf3+ 26. gxf3 Kb8 27. Qxd8+ Bc8 28. Qc7+ Ka8 29. Qxc8#) 21... e5 $2 ({Less strong is} 21... fxg2 22. Re1 $17) (21... d6 {is a better chance.}) 22. Be3 $2 $40 {[%mdl 128] Black needs to defend precisely.} (22. Qa4 $18 Qc6 23. d5 Qxb5 24. cxb5 Bc5+ 25. Rf2) 22... exd4 $1 $11 (22... fxg2 23. Rfa1) 23. Bf2 Qc6 $2 {[%mdl 8192]} ({Not} 23... Bxh6 $2 24. Bg3+ d6 25. Qa3 $18) (23... Bc5 $1 $11 {and Black is okay.} 24. Qa4 Qc6) 24. Nxd4 $18 Qc5 $2 (24... Qc7) 25. Rfa1 Bd6 26. Qa4 {Intending Rxb7+! and mate.} Kc8 {[#]} 27. Rxb7 $1 {[%mdl 512] Threatening mate with Qa8+.} Kxb7 28. Qa7+ Kc8 29. Qa6+ {Precision: White = 47%, Black = 21%.} (29. Qa8+ $142 Bb8 30. Ra7 Qc7 31. Rxc7+ Kxc7 32. Bg3+ d6 33. Qc6#) 1-0

[Event "NED-ch 2018"]
[Site "Amsterdam"]
[Date "2018.07.07"]
[Round "5"]
[White "Van Wely, Loek"]
[Black "Van Foreest, Jorden"]
[Result "1/2-1/2"]
[WhiteElo "2674"]
[BlackElo "2640"]
[Annotator "ChessBase"]
[PlyCount "80"]
[EventDate "2018.07.02"]
[EventType "tourn"]
[EventCountry "NED"]
[SourceTitle "playchess.com"]
[Source "ChessBase"]
[SourceQuality "1"]
[TimeControl "40/5400+30:1800+30"]

1. d4 {[%emt 0:05:28]} d5 {[%emt 0:00:01]} 2. c4 {[%emt 0:00:07]} dxc4 {[%emt 0:00:09]} 3. e4 {[%emt 0:00:07]} e5 {[%emt 0:00:27]} 4. Nf3 {[%emt 0:00:08]} Bb4+ {[%emt 0:00:11]} 5. Nc3 {[%emt 0:00:07]} Nf6 {[%emt 0:00:17]} 6. Bxc4 {[%emt 0:01:17]} exd4 {[%emt 0:00:23]} 7. Nxd4 {[%emt 0:00:25]} O-O {[%emt 0:00:32]} 8. O-O {[%emt 0:01:08]} Bxc3 {[%emt 0:00:24]} 9. bxc3 {[%emt 0:00:05]} Nxe4 {[%emt 0:00:10]} 10. Ba3 {[%emt 0:06:06]} Nd6 {[%emt 0:00:27]} 11. Nb5 {[%emt 0:03:34]} Nxc4 {[%emt 0:00:39]} 12. Bxf8 {[%emt 0:00:27]} Qxf8 {[%emt 0:00:21]} 13. Nxc7 {[%emt 0:01:00]} Nb6 {[%emt 0:00:09]} 14. Rb1 {[%emt 0:12:34]} Na6 {[%emt 0:04:43]} 15. Nxa8 {[%emt 0:00:17]} Nxa8 {[%emt 0:00:07]} 16. Qd4 {[%emt 0:01:02]} Nc5 {[%emt 0:09:38]} 17. Rfd1 {[%emt 0:24:18]} Nb6 {[%emt 0:18:12]} 18. Qf4 {[%emt 0:07:50]} Be6 {[%emt 0:14:35]} 19. Rxb6 {[%emt 0:15:07]} axb6 {[%emt 0:00:11]} 20. Qc7 {[%emt 0:00:07]} Nd7 {[%emt 0:01:12]} 21. Rxd7 {[%emt 0:01:48]} Bxd7 {[%emt 0:00:05]} 22. Qxd7 {[%emt 0:00:04]} g6 {[%emt 0:04:25]} 23. a4 {[%emt 0:02:39]} Qa3 {[%emt 0:03:04]} 24. Qd8+ {[%emt 0:00:17]} Kg7 {[%emt 0:00:05]} 25. Qd4+ {[%emt 0:00:06]} Kg8 {[%emt 0:00:08]} 26. Qd8+ {[%emt 0:00:12]} Kg7 {[%emt 0:00:11]} 27. Qd4+ {[%emt 0:00:05]} Kg8 {[%emt 0:00:00]} 28. g4 {[%emt 0:02:37]} h5 {[%emt 0:01:44]} 29. h3 {[%emt 0:00:38]} hxg4 {[%emt 0:01:03]} 30. hxg4 {[%emt 0:00:04]} Qb3 {[%emt 0:05:05]} 31. Kg2 {[%emt 0:00:47]} b5 {[%emt 0:01:16]} 32. axb5 {[%emt 0:00:38]} Qxb5 {[%emt 0:00:08]} 33. Kf3 {[%emt 0:03:10]} Qc6+ {[%emt 0:01:06]} 34. Ke3 {[%emt 0:03:05]} f6 {[%emt 0:00:53]} 35. c4 {[%emt 0:01:59]} Kf7 {[%emt 0:00:24]} 36. c5 {[%emt 0:02:08]} Qe6+ {[%emt 0:00:30]} 37. Qe4 {[%emt 0:01:27]} Qb3+ {[%emt 0:01:04]} 38. Qd3 {[%emt 0:01:26]} Qe6+ {[%emt 0:00:18]} 39. Qe4 {[%emt 0:00:06]} Qb3+ {[%emt 0:00:04]} 40. Qd3 {[%emt 0:02:17]} Qe6+ {[%emt 0:01:31] Ke4 [%emt 00:00:15]} 1/2-1/2